000 00943cam a2200325 4500
001 J2145
008 090401t1994 xxu||||| |||| 00| 0 eng d
035 _a(Sirsi) u47467
041 _aeng
050 _a333.337
110 _aCavendish Tate Limited
_92881
245 4 _aThe small business property market review 1993/4.
260 _aDudley, West Midlands
_bCavendish Tate Limited
_c1994
300 _a62p. ; 30cm.
350 _a0
520 _aCovers healthcare sector, hotels, licensed property, retail property and the leisure and sporting market.
650 _aGOLF COURSES
650 _aLEISURE PROPERTY
650 _aLICENSED PROPERTY
650 _aNURSING HOMES
650 _aPROPERTY MARKET
650 _aPUBLIC HOUSES
650 _aRESIDENTIAL CARE HOMES
650 _aRESTAURANTS
650 _aSHOPS
650 _aSMALL BUSINESSES
690 _aLEISURE AND RECREATION
942 _n0
948 _c04/03/1997
999 _c92132
_d92132